| 000 | 02885nam a22003857a 4500 | ||
|---|---|---|---|
| 003 | OSt | ||
| 005 | 20260513120430.0 | ||
| 008 | 260513b |||||||| |||| 00| 0 aze d | ||
| 040 |
_aAZ-XaKU _baze _cAZ-XaKU |
||
| 041 | 0 | _aaze | |
| 050 | 1 | 4 | _aML128 .W8931 .Sa172 2019 |
| 245 | 1 | 0 |
_a"Musiqi Dünyası" jurnalı _b: biblioqrafiya 1999-2019 _c/ ideya müəllifi və nəşrin elmi redaktoru: Tariyel Məmmədov ; tərtibçilər: Fəxriyyə Səfərəliyeva, Lalə Hacıyeva ; rəyçilər: Nərminə Quliyeva, Cəmilə Həsənova ; rəssam: Alina Cahangirova ; səhifələyici və texniki redaktor: İrina Tişakova |
| 264 |
_aBakı: _c2019. |
||
| 300 |
_a248 səhifə ; _c20 sm. |
||
| 336 |
_atext _btxt _2rdacontent |
||
| 337 |
_aunmediated _bn _2rdamedia |
||
| 338 |
_avolume _bnc _2rdacarrier |
||
| 500 | _aÜ.Hacıbəyli adına Bakı Musiqi Akademiyasının 100 illiyi münasibətilə | ||
| 500 | _aKitab Ü.Hacıbəyli adına Bakı Musiqi Akademiyasının "Azərbaycan ənənəvi musiqisi və müasir texnologiyalar" kafedrası tərəfindən çapa hazırlanmışdır. | ||
| 520 | _a“Musiqi Dünyası” jurnalı 1999-cu ildə Azərbaycan Bəstəkarlar İttifaqı və Ü.Hacıbəyli adına Bakı Musiqi Akademiyası tərəfindən təsis edilmişdir. Məqsəd və məramına görə klassik musiqi-analitik, publisistik jurnalların («Советская музыка», «Музыкальная академия», «Мир музыки», «Музыкальная жизнь» və s.) ənənələri üzərində qurularaq, ənənəvi mədəniyyətin, bəstəkarlıq məktəbinin, şifahi ənənəli professional musiqinin milli koloriti, etnoantropoloji mühit, tarix, dil, ədəbiyyat və s. cəhətlərin adekvat qavranılması nəzərə alınmışdır. Ümumi Biblioqrafiya 1999-cu ildən 2019-cu ilə kimi "Musiqi Dünyası" jurnalının səhifələrində çap olunmuş məqalələr daxildir. Ayrı-ayrı bölmələrdə “Musiqi Dünyası" jurnalının 20 illik fəaliyyəti ərzində mövzular üzrə rubrikaların və müəlliflərin siyahısı öz əksini tapmışdır. | ||
| 521 | _aMusiqişünaslar, sənətşünaslar, musiqi nəzəriyyəçiləri və tədqiqatçılar üçün | ||
| 650 | 7 |
_2AZ-XaKU _aMusiqi _xDövri nəşrlər _zAzərbaycan |
|
| 655 |
_2AZ-XaKU _aBiblioqrafiya |
||
| 700 | 1 |
_aMəmmədov, Tariyel, _eideya müəllifi və nəşrin elmi redaktoru. |
|
| 700 | 1 |
_aSəfərəliyeva, Fəxriyyə, _etərtibçi. |
|
| 700 | 1 |
_aHacıyeva, Lalə, _etərtibçi. |
|
| 700 | 1 |
_aQuliyeva, Nərminə, _erəyçi. |
|
| 700 | 1 |
_aHəsənova, Cəmilə, _erəyçi. |
|
| 700 | 1 |
_aCahangirova, Alina, _erəssam. |
|
| 700 | 1 |
_aTişakova, İrina, _esəhifələyici və texniki redaktor. |
|
| 710 | 1 | _aAzərbaycan Respublikası Təhsil Nazirliyi. | |
| 710 | 2 | _aÜ.Hacıbəyli adına Bakı Musiqi Akademiyası. | |
| 942 | _cBOOK | ||
| 999 |
_c437 _d437 |
||